Easier to Run Lyrics - Statistics

General Stats
  • This quiz has been taken 3 times
  • The average score is 15 of 23
Answer Stats
Lyrics % Correct
It's {easier} {to} {go}
100%
It's {easier} {to} {run}
100%
It's so much {easier} {to} {go}
100%
Just {washing} it aside
100%
Wounds so deep they never show, they never {go} {away}
100%
And never {moving} {forward} so there'd never be a past
67%
A secret I've kept {locked} {away}, no one can ever see
67%
Bringing back these memories I wish I {didn}'{t} {have}
67%
If I could stand up and {take} {the} {blame}, I would
67%
Is so much {simpler} than change
67%
Like moving pictures in my head, for {years} {and} {years} they've played
67%
Replacing this pain with {something} {numb}
67%
Retrace {every} {wrong} {move} that I made
67%
Retrace {every} {wrong} {move} that I made, I would
67%
Something has been taken {from} {deep} {inside} of me
67%
Sometimes I remember the {darkness} of my past
67%
Sometimes I think of {letting} {go} and never looking back
67%
Than face {all} {this} {pain} here all alone
67%
All of the {helplessness} inside
33%
If I could change, I would, {take} {back} the pain, I would
33%
If I could take {all} {the} {shame} to the grave, I would
33%
I would take {all} {my} {shame} to the grave
33%
Pretending I don't feel {misplaced}
33%
No matching quizzes found
Score Distribution
Percent of People with Each Score
Percentile by Number Answered
Your Score History
You have not taken this quiz